三国杀武将“外号” - Statistics

General Stats
  • This quiz has been taken 329 times
  • The average score is 23 of 45
Answer Stats
外号 武将 % Correct
大宝 界徐盛
90%
大鬼 神甘宁
72%
大嘴 袁绍
70%
单挑王 刘备
68%
歌王 留赞
66%
BB机 许攸
66%
贝蒂小熊 张绣
66%
春哥 张春华
65%
那个男人 孙策
64%
鲁大师 鲁肃
64%
刘老板 刘焉
63%
离婚蝉 sp貂蝉
63%
老宝 谋黄忠
62%
妙脆角 张角
61%
高达一号 神赵云
60%
大妖 神郭嘉
59%
大虎 孙鲁育
58%
小虎 孙鲁班
57%
饼将军 典韦
54%
灯笼忠 钟会
51%
僵尸 周泰
51%
小鸟 文鸯
50%
大数学家 张梁/裴秀
49%
毒菜 蔡文姬
49%
橘子哥 陆绩
48%
倒希田 邓艾
47%
骨头 兀突骨
46%
通渠哥 贾逵
43%
米老头 张鲁
43%
野猪王 界许褚
43%
吸血鬼 魏延
41%
蓝高达 曹仁
41%
358团团长 骆统
40%
光头强 张松
39%
改日哥 董允
39%
猴子 祢衡
38%
寄生虫 戏志才
35%
烧鸡 孙寒华
34%
自爆小卡车 岑昏
33%
张合理 张郃
33%
白马 麹义
31%
亚索 鲁芝
29%
时代的骄傲 界李儒
28%
十三妹 张星彩
26%
豆腐哥 徐荣
18%
No matching quizzes found
Score Distribution
Percent of People with Each Score
Percentile by Number Answered
Your Score History
You have not taken this quiz